000 00348nam a2200145Ia 4500
005 20240823064103.0
008 240823s9999||||xx |||||||||||||| ||und||
082 _A720 P8
100 _aVijayalakshmi Iyer
245 0 _aQuiz on cricket
260 _c2008
_b"Gnosis,"
_aDelhi
500 _aYES
650 _aQuiz on Cricket
_bGeneral
942 _cNB
999 _c239871
_d239871